000 00594cam a2200145 4500500
005 20260208002406.0
041 _afre
042 _adc
100 1 0 _aMaj, Émilie
_eauthor
245 0 0 _aFrançoise Aubaile, Mireille Bernard & Patrick Pasquet, eds, La Viande : un aliment, des symboles, Aix-en-Provence, Édisud, 2004, 247 p., bibl., fig., tabl. (« Écologie humaine »)
260 _c2007.
500 _a13
786 0 _nL'Homme | 181 | 1 | 2007-01-01 | p. 213h-274h | 0439-4216
856 4 1 _uhttps://shs.cairn.info/revue-l-homme-2007-1-page-213h?lang=fr&redirect-ssocas=7080
999 _c1646094
_d1646094